| 000 | 00664nam a2200229 i 4500 | ||
|---|---|---|---|
| 001 | bgj | ||
| 100 | 1 |
_aALEXANDER, L. G. _d(1932- ) |
|
| 245 | 1 | 0 |
_aLongman advanced grammar : _breference and practice / _cL. G. Alexander. |
| 250 | _a[4th impr.]. | ||
| 260 |
_aHarlow, Essex : _bLongman, _c1994. |
||
| 300 |
_a304 pp : _bdrawings, photos ; _c25 cm. |
||
| 505 | _aIncludes index. | ||
| 650 | 9 |
_aEnglish language _xGrammar |
|
| 650 | _aProblems, exercises, etc. | ||
| 655 | _aTextbooks for foreign speakers | ||
| 020 | _a0582079780 | ||
| 040 | _cBPK | ||
| 041 | _aeng | ||
| 920 | _a0-582-07978-0 | ||
| 942 | _cKS | ||
| 008 | s uk f |000 0 eng | ||
| 999 |
_c47731 _d47731 |
||
| 856 |
_uhttp://koha.tu.koszalin.pl/cgi-bin/koha/opac-detail.pl?biblionumber=47731 _yKatalog online BPK |
||